000 01630cam a22003015a 4500
001 L145930
002 10201
008 081124s2009 xxkoa f 001 0 eng d
020 _a9781842193051
035 _a(Sirsi) u145930
041 0 _aeng
050 0 4 _a690.24 $2 18
100 1 _aBurkinshaw, Ralph F.
245 0 0 _aRemedying damp
260 _aCoventry
_bRICS
_c2009
300 _avi, 246p.
_bcol. ill.
_c30cm.
350 _a49.95
505 2 _aIntroduction -- Flood remediation -- Basement waterproofing -- Plumbing problems -- Wall base damp-proofing -- Rot and woodworm -- Mould and ventilation -- Monitoring moisture condition - Appendices: approximate water content of typical construction materials; common scenarios from flood event to end of contractor's drying phase; refrigerant dehumidifiers; alternative techniques for monitoring changes in moisture content of a substrate; black ash mortar; moisture condition of lightweight blockwork; Housing Health and Safety Rating Scheme: a new approach; copper pipe failure -- Glossary -- References and further reading
520 _aSets out the knowledge and tools to understand how to deal with damp problems in buildings, including practical advice on tackling the effects of damp and remedial action which can be taken. Presents practical examples, diagrams, case studies and photographs to ensure the most suitable remedial action is taken.
521 _aAdvanced
590 _aKA
651 4 _aUnited Kingdom
_y
690 _aDamp and Water Ingress
700 1 _aGeorge, Chris
_cDr
700 1 _aAthol, Stuart
700 1 _aHewitt, Nigel
942 _n0
999 _c108968
_d108968